| 000 | 00354nam a22001337a 4500 | ||
|---|---|---|---|
| 082 |
_a297.5 _bGAZ _cl-31 p-37 |
||
| 100 |
_aHazrat Imam Ghazali _950762 |
||
| 245 | _aمنھاج ا لعا بد ین | ||
| 260 |
_aKarachi, _bMadina Publication, _c1970. |
||
| 300 | _a345p. | ||
| 500 | _aMCE | ||
| 526 |
_a0 _b1 _c0 _d297_500000000000000_GAZ |
||
| 942 |
_2ddc _cBK |
||
| 999 |
_c553521 _d553521 |
||